| 000 | 00855nam a2200229Ia 4500 | ||
|---|---|---|---|
| 003 | OSt | ||
| 005 | 20210923163307.0 | ||
| 008 | 210310s2004 ck ad fr 000 0 spa d | ||
| 040 |
_aCO-JMCR _cCO-JMCR |
||
| 041 | 0 | _aspa | |
| 082 | 0 | 4 |
_a338.9861 / _bC822e _223 |
| 110 | 2 |
_aCorporación Financiera Nacional y Suramericana S.A. _940769 |
|
| 245 | 1 | 0 |
_aEscenario macroeconómico proyecciones 2004 / _cCorporación Financiera Nacional y Suramericana S.A. |
| 250 | _aCuarta edición | ||
| 260 |
_aBogotá : _bCorfinsura, _c2004 |
||
| 300 |
_a75 páginas : _bilustraciones y gráficas a color ; _c28 cm. |
||
| 500 | _aIncluye notas a pie de página. | ||
| 650 | 1 | 4 |
_aProyecciones económicas _917702 _y2004 _zColombia |
| 650 | 1 | 4 |
_aPolítica macroeconómica _y2004 _zColombia _940770 |
| 651 | 4 |
_aColombia _xCondiciones económicas _y2004 _940771 |
|
| 942 |
_2ddc _cBK |
||
| 999 |
_c8585 _d8585 |
||